000 00849nam a2200277 i 4500
001 46940
003 ES-MaACL
005 20230906161455.0
007 t|
008 910124s1982 sp |||| | spa d
020 _a84-86008-03-4
080 _a342.4(460)
245 0 3 _aLa Constitución de 1978 en la historia del constitucionalismo español /
_cedición de Miguel Martínez Cuadrado.
250 _a1ª ed.
260 _aMadrid :
_bMezquita,
_c1982.
300 _aIX, 341 p. ;
_c19 cm.
490 1 _aSerie política ;
_v1
500 _aÍndice.
504 _aBibliografía.
610 1 4 _aEspaña.
_tConstitución, 1978.
_93657
651 4 _aEspaña-
_xHistoria constitucional.
_98366
700 1 _aMartínez Cuadrado, Miguel.
_977963
830 1 _aSerie política ;
_v1
_9183350
852 4 _aES-MaACL
_jG-634
999 _c46940
_d46940